[Event "GER-chT Lands U20"]
[Site "Hannover"]
[Date "2014.10.05"]
[Round "5.5"]
[White "Scheftlein, Richard"]
[Black "Koch, Elisabeth"]
[Result "1-0"]
[WhiteElo "1999"]
[BlackElo "1683"]
[PlyCount "81"]
[EventDate "2014.10.03"]
[EventType "team-swiss"]
[EventRounds "7"]
[EventCountry "GER"]
[SourceTitle "CBM 162 Extra"]
[Source "ChessBase"]
[SourceDate "2014.10.17"]
[SourceVersion "1"]
[SourceVersionDate "2014.10.17"]
[SourceQuality "1"]
[WhiteTeam "Thueringen"]
[BlackTeam "Berlin"]
[WhiteTeamCountry "GER"]
[BlackTeamCountry "GER"]

1. d4 Nf6 2. c4 e6 3. Nc3 d5 4. cxd5 exd5 5. Bg5 Be7 6. e3 0-0 7. Bd3 Be6 8. Nf3 b6 9. 0-0 c5 10. e4 cxd4 11. Nxd4 Bg4 12. Qe1 dxe4 13. Bxf6 Bxf6 14. Qxe4 g6 15. Qxa8 Bxd4 16. Be2 Be6 17. Rad1 Qf6 18. Qf3 Bf5 19. Nd5 Qe5 20. Ne7+ Qxe7 21. Rxd4 Nd7 22. Rfd1 Re8 23. Bf1 Ne5 24. Qe3 Bg4 25. Re1 Qf8 26. Rxg4 Nf3+ 27. Qxf3 Rxe1 28. Re4 Ra1 29. a3 Rb1 30. Qe2 Qd6 31. g3 Qf6 32. Re8+ Kg7 33. Qe5 Qxe5 34. Rxe5 Rxb2 35. Re7 a5 36. Bc4 Rb1+ 37. Kg2 b5 38. Rxf7+ Kh6 39. Rb7 b4 40. axb4 axb4 41. Bg8 1-0

[Event "GER-ch U16 Girls"]
[Site "Magdeburg"]
[Date "2014.06.13"]
[Round "8"]
[White "Bork, Sophie"]
[Black "Koch, Elisabeth"]
[Result "1/2-1/2"]
[WhiteElo "1737"]
[BlackElo "1822"]
[PlyCount "82"]
[EventDate "2014.06.08"]
[EventType "swiss"]
[EventRounds "9"]
[EventCountry "GER"]
[SourceTitle "CBM 160 Extra"]
[Source "ChessBase"]
[SourceDate "2014.07.01"]
[SourceVersion "1"]
[SourceVersionDate "2014.07.01"]
[SourceQuality "1"]

1. e4 e5 2. Nf3 Nc6 3. Bb5 d6 4. c3 Nf6 5. d3 Be7 6. 0-0 0-0 7. Nbd2 a6 8. Ba4 b5 9. Bc2 Na5 10. Re1 c5 11. Nf1 Qb6 12. Be3 Ng4 13. h3 Nxe3 14. Nxe3 Be6 15. Nh2 Nc6 16. Qf3 g6 17. Nhg4 Kg7 18. Nd5 Qd8 19. Nxe7 Qxe7 20. Qe3 Bxg4 21. hxg4 b4 22. Bb3 a5 23. Bd5 Ra6 24. Bxc6 Rxc6 25. c4 Qh4 26. Qh3 Qxh3 27. gxh3 Rc7 28. Re3 f5 29. gxf5 gxf5 30. Rg3+ Kh6 31. Re1 Rcf7 32. exf5 Rxf5 33. Re4 Rf4 34. Rxf4 Rxf4 35. Re3 Kg5 36. Kg2 Kf5 37. Kg3 Rd4 38. Kf3 Rh4 39. Kg3 Rf4 40. Kg2 Ke6 41. Kf1 Rf6 1/2-1/2

[Event "GER-chT U20 Girls"]
[Site "Osnabrueck"]
[Date "2013.12.28"]
[Round "4.2"]
[White "Nobis, Anna"]
[Black "Koch, Elisabeth"]
[Result "0-1"]
[WhiteElo "1765"]
[BlackElo "1609"]
[PlyCount "134"]
[EventDate "2013.12.27"]
[EventType "team-swiss"]
[EventRounds "7"]
[EventCountry "GER"]
[SourceTitle "EXT 2015"]
[Source "ChessBase"]
[SourceDate "2014.11.20"]
[SourceVersion "1"]
[SourceVersionDate "2014.11.20"]
[SourceQuality "1"]
[WhiteTeam "Chemnitz"]
[BlackTeam "Weissensee Chemie"]
[WhiteTeamCountry "GER"]
[BlackTeamCountry "GER"]

1. e4 e5 2. Nf3 Nc6 3. Bc4 Nf6 4. d3 Bc5 5. c3 d6 6. Nbd2 a6 7. Bb3 Ba7 8. Nf1 h6 9. Ng3 0-0 10. h3 d5 11. exd5 Nxd5 12. 0-0 Be6 13. Re1 Qf6 14. Nh5 Qg6 15. Nh4 Qh7 16. Qf3 Nde7 17. Qg3 Kh8 18. Bc2 Nf5 19. Nxf5 Bxf5 20. Ba4 b5 21. Qf3 Qg6 22. Bc2 Rad8 23. Rd1 Rd6 24. Ng3 Bxh3 25. Qe4 Qxg3 26. d4 Qg6 27. Qxg6 fxg6 28. gxh3 exd4 29. cxd4 Nxd4 30. Bd3 Nf3+ 31. Kf1 Ne5 32. Be2 Rxf2+ 33. Ke1 Rxd1+ 34. Kxd1 Rh2 35. Bf1 Bd4 36. Rb1 g5 37. a3 c5 38. b3 g4 39. hxg4 Nxg4 40. a4 Rh1 41. Ke2 Ne5 42. axb5 axb5 43. Bf4 g5 44. Bg3 g4 45. Rd1 Nf3 46. Rd3 Rg1 47. Bf2 Rh1 48. Bg3 Nh2 49. Bg2 Rg1 50. Be4 Nf3 51. Bxf3 Rxg3 52. Bc6 Rxd3 53. Kxd3 g3 54. b4 h5 55. bxc5 Bxc5 56. Ke2 b4 57. Bd5 b3 58. Kf3 b2 59. Be4 h4 60. Kg2 Kg7 61. Kh3 Kf6 62. Kg2 Ke5 63. Bb1 Kd4 64. Bf5 Kc3 65. Be4 Kd2 66. Bf5 Kc1 67. Be4 b1Q 0-1

[Event "GER-chT Lands U20"]
[Site "Hannover"]
[Date "2013.10.02"]
[Round "1.7"]
[White "Wiesner, Alexander"]
[Black "Koch, Elisabeth"]
[Result "1-0"]
[WhiteElo "1751"]
[BlackElo "1569"]
[PlyCount "116"]
[EventDate "2013.10.02"]
[EventType "team-swiss"]
[EventRounds "7"]
[EventCountry "GER"]
[SourceTitle "EXT 2014"]
[Source "ChessBase"]
[SourceDate "2013.11.20"]
[SourceVersion "1"]
[SourceVersionDate "2013.11.20"]
[SourceQuality "1"]
[WhiteTeam "Baden"]
[BlackTeam "Berlin"]
[WhiteTeamCountry "GER"]
[BlackTeamCountry "GER"]

1. e4 e5 2. Nf3 Nc6 3. d4 exd4 4. Nxd4 Nf6 5. Nc3 Bb4 6. Nxc6 bxc6 7. Bd3 0-0 8. 0-0 d5 9. exd5 cxd5 10. Bg5 c6 11. Ne2 Re8 12. c3 Bd6 13. Qd2 h6 14. Bf4 Ne4 15. Bxe4 Rxe4 16. Bxd6 Qxd6 17. Ng3 Re6 18. Rfe1 Ba6 19. Nf5 Qd7 20. Nd4 Rxe1+ 21. Rxe1 Re8 22. Re3 Kf8 23. Qe1 Bb7 24. Rxe8+ Qxe8 25. Qxe8+ Kxe8 26. Nf5 Kf8 27. b4 Bc8 28. Nd4 Bd7 29. Kf1 Ke7 30. Ke2 Kd6 31. Nb3 Bc8 32. Ke3 g5 33. Kd4 Ba6 34. Nd2 f5 35. Nf3 Bc8 36. h4 g4 37. Ne5 Be6 38. g3 h5 39. a3 Bg8 40. Nd3 Be6 41. Ke3 Bf7 42. Kf4 Ke6 43. Kg5 Be8 44. Kf4 Bf7 45. Ne1 Kf6 46. Nd3 Ke6 47. Ke3 Kd6 48. Kd4 Be6 49. Nc5 Bc8 50. a4 Be6 51. Nxe6 Kxe6 52. Kc5 Ke5 53. Kxc6 Ke4 54. b5 Kf3 55. a5 Kxf2 56. b6 axb6 57. axb6 Kxg3 58. b7 Kxh4 1-0

[Event "GER-ch U16 Girls"]
[Site "Oberhof"]
[Date "2013.05.20"]
[Round "3"]
[White "Rosmait, Emily"]
[Black "Koch, Elisabeth"]
[Result "1/2-1/2"]
[WhiteElo "1754"]
[BlackElo "1732"]
[PlyCount "60"]
[EventDate "2013.05.19"]
[EventType "swiss"]
[EventRounds "9"]
[EventCountry "GER"]
[SourceTitle "CBM 154 Extra"]
[Source "ChessBase"]
[SourceDate "2013.06.25"]
[SourceVersion "2"]
[SourceVersionDate "2013.06.25"]
[SourceQuality "1"]

1. e4 e5 2. Nf3 Nc6 3. Bb5 a6 4. Ba4 Nf6 5. 0-0 Nxe4 6. d4 b5 7. Bb3 d5 8. dxe5 Be6 9. Be3 Bc5 10. Bxc5 Nxc5 11. Nc3 Nxb3 12. axb3 0-0 13. Re1 Ne7 14. b4 Nc6 15. Na2 Qe7 16. Qd2 Rfd8 17. Nd4 Nxd4 18. Qxd4 c6 19. Nc3 Qc7 20. Ne2 a5 21. Kh1 axb4 22. Qxb4 Rxa1 23. Rxa1 Qxe5 24. Nd4 Rc8 25. Qc5 h6 26. h3 Bd7 27. Ra7 Qe1+ 28. Kh2 Qe8 29. Qd6 Rd8 30. Rc7 Kh7 1/2-1/2

[Event "GER-ch U14 Girls"]
[Site "Oberhof"]
[Date "2011.06.16"]
[Round "7"]
[White "Koch, Elisabeth"]
[Black "Diederichs, Luise"]
[Result "0-1"]
[WhiteElo "1538"]
[BlackElo "1699"]
[PlyCount "90"]
[EventDate "2011.06.11"]
[EventType "swiss"]
[EventRounds "9"]
[EventCountry "GER"]
[SourceTitle "CBM 142 Extra"]
[Source "ChessBase"]
[SourceDate "2011.06.27"]
[SourceVersion "1"]
[SourceVersionDate "2011.06.27"]
[SourceQuality "1"]

1. e4 g6 2. d4 Bg7 3. Nf3 d6 4. Bc4 Nf6 5. Nc3 a6 6. 0-0 b5 7. Bd3 Bb7 8. a3 0-0 9. Bg5 h6 10. Be3 Nbd7 11. h3 c5 12. d5 c4 13. Be2 Nc5 14. Nd2 Nfd7 15. f4 Kh7 16. Qe1 e6 17. dxe6 fxe6 18. Bf3 Qe7 19. Rd1 Rae8 20. Qf2 Bxc3 21. bxc3 Na4 22. Nb1 Nf6 23. e5 Nd5 24. exd6 Qxd6 25. Bc1 Qc7 26. Bxd5 Bxd5 27. Qh4 Qg7 28. Qg3 Nc5 29. Nd2 Rf5 30. Qe3 Qc7 31. Nf3 Ref8 32. Nd4 R5f6 33. g3 Ne4 34. Kh2 g5 35. Ne2 Bb7 36. Rd4 Qc6 37. Qg1 e5 38. Rdd1 exf4 39. gxf4 gxf4 40. Qg4 Ng3 41. Qd7+ R8f7 42. Qxc6 Nxf1+ 43. Rxf1 Bxc6 44. Rxf4 Rxf4 45. Bxf4 Bf3 0-1

[Event "GER-ch U14 Girls"]
[Site "Oberhof"]
[Date "2011.06.15"]
[Round "6"]
[White "Koch, Elisabeth"]
[Black "Rahimi, Anita"]
[Result "1-0"]
[WhiteElo "1538"]
[BlackElo "1341"]
[PlyCount "59"]
[EventDate "2011.06.11"]
[EventType "swiss"]
[EventRounds "9"]
[EventCountry "GER"]
[SourceTitle "CBM 142 Extra"]
[Source "ChessBase"]
[SourceDate "2011.06.27"]
[SourceVersion "1"]
[SourceVersionDate "2011.06.27"]
[SourceQuality "1"]

1. e4 c5 2. Nc3 a6 3. f4 d6 4. Nf3 Nc6 5. d3 e6 6. g3 Bd7 7. Bg2 b5 8. 0-0 Be7 9. a3 Bf6 10. e5 dxe5 11. Nxe5 Bxe5 12. fxe5 Rc8 13. Ne4 Nxe5 14. Nd6+ Kf8 15. Nxc8 Qxc8 16. Bf4 Ng6 17. Bd6+ Ke8 18. Qf3 Nf6 19. Qb7 c4 20. Qxc8+ Bxc8 21. dxc4 bxc4 22. Bc6+ Bd7 23. Bb7 Bb5 24. a4 Bd7 25. Bxa6 Ne4 26. Bb4 Ne5 27. Bb5 Bxb5 28. axb5 Ng6 29. Ra8+ Kd7 30. Rxf7+ 1-0

[Event "GER-ch U14 Girls"]
[Site "Oberhof"]
[Date "2011.06.14"]
[Round "5"]
[White "Nitzsche, Pia"]
[Black "Koch, Elisabeth"]
[Result "1/2-1/2"]
[WhiteElo "1590"]
[BlackElo "1538"]
[PlyCount "72"]
[EventDate "2011.06.11"]
[EventType "swiss"]
[EventRounds "9"]
[EventCountry "GER"]
[SourceTitle "CBM 142 Extra"]
[Source "ChessBase"]
[SourceDate "2011.06.27"]
[SourceVersion "1"]
[SourceVersionDate "2011.06.27"]
[SourceQuality "1"]

1. c4 e5 2. Nc3 Nf6 3. d3 c6 4. g3 d5 5. cxd5 cxd5 6. Bg2 Nc6 7. Bg5 Bc5 8. e3 Be6 9. a3 d4 10. Bxf6 gxf6 11. exd4 Nxd4 12. Rc1 f5 13. Nge2 Nxe2 14. Qxe2 Qg5 15. 0-0 Bd4 16. Nb5 0-0 17. Nxd4 exd4 18. b4 f4 19. Bxb7 Rae8 20. Qf3 Bh3 21. Rfe1 fxg3 22. Qxg3 Qg6 23. Kh1 Bf5 24. Be4 Bxe4+ 25. Rxe4 Rxe4 26. dxe4 Rd8 27. Rd1 Kf8 28. Qxg6 hxg6 29. Rd3 Ke7 30. f4 Ke6 31. Kg2 g5 32. fxg5 Ke5 33. Kf3 Rh8 34. Rd2 Rh3+ 35. Kg4 Rxa3 36. Rf2 Ke6 1/2-1/2

[Event "GER-chT U12"]
[Site "Gross Doelln"]
[Date "2010.12.27"]
[Round "2.3"]
[White "Balazs, Balint"]
[Black "Koch, Elisabeth"]
[Result "0-1"]
[WhiteElo "1300"]
[BlackElo "1306"]
[PlyCount "112"]
[EventDate "2010.12.27"]
[EventType "team-swiss"]
[EventRounds "7"]
[EventCountry "GER"]
[SourceTitle "CBM 140 Extra"]
[Source "ChessBase"]
[SourceDate "2011.03.01"]
[SourceVersion "1"]
[SourceVersionDate "2011.03.01"]
[SourceQuality "1"]
[WhiteTeam "Hagen U12"]
[BlackTeam "Weissensee U12"]
[WhiteTeamCountry "GER"]
[BlackTeamCountry "GER"]

1. d4 Nf6 2. Bf4 g6 3. Nc3 Bg7 4. f3 d5 5. Qd2 0-0 6. g4 c6 7. h4 b5 8. Bh6 a5 9. h5 Nbd7 10. Bxg7 Kxg7 11. hxg6 fxg6 12. Qh6+ Kg8 13. Nh3 e5 14. e3 exd4 15. exd4 Qe7+ 16. Be2 b4 17. Na4 Ba6 18. Rh2 Rae8 19. Ng1 c5 20. 0-0-0 Bxe2 21. Rxe2 Qd6 22. Rde1 Rxe2 23. Rxe2 cxd4 24. Qd2 Qc6 25. b3 Nc5 26. Nb2 Qb6 27. Kb1 d3 28. Re7 dxc2+ 29. Kxc2 Nxb3 30. axb3 Rc8+ 31. Kb1 Qxg1+ 32. Ka2 Rc1 33. Nd1 Qxd1 34. Qxd1 Rxd1 35. Ra7 Rd2+ 36. Kb1 Rd3 37. g5 Nh5 38. Rxa5 Rxb3+ 39. Kc2 Rxf3 40. Rxd5 Rf5 41. Rd4 Rxg5 42. Rxb4 h6 43. Rb8+ Kf7 44. Rb7+ Kg8 45. Rb8+ Kh7 46. Rb7+ Ng7 47. Kd3 h5 48. Ke3 Rf5 49. Rb2 g5 50. Rg2 h4 51. Ke4 Kh6 52. Rd2 h3 53. Rd7 h2 54. Rd1 g4 55. Rh1 Kg5 56. Ke3 g3 0-1

[Event "Berlin-ch 2011 U14 Vorrunde 2"]
[Site "Berlin"]
[Date "2010.11.06"]
[Round "2.7"]
[White "Tannenberg, Henri"]
[Black "Koch, Elisabeth"]
[Result "0-1"]
[WhiteElo "1124"]
[BlackElo "1329"]
[PlyCount "66"]
[EventDate "2010.11.06"]
[EventType "swiss"]
[EventRounds "7"]
[EventCountry "GER"]
[SourceTitle "EXT 2022"]
[Source "ChessBase"]
[SourceDate "2021.10.06"]
[SourceVersion "1"]
[SourceVersionDate "2021.10.06"]
[SourceQuality "1"]

1. e4 e5 2. Nf3 Nc6 3. Bb5 a6 4. Ba4 Nf6 5. c3 b5 6. Bc2 Bc5 7. d4 exd4 8. cxd4 Bb6 9. Bg5 d6 10. e5 dxe5 11. dxe5 Qxd1+ 12. Bxd1 Ng4 13. 0-0 Ngxe5 14. Re1 f6 15. Bf4 0-0 16. Nxe5 fxe5 17. Bb3+ Kh8 18. Be3 Nd4 19. Bd5 Rb8 20. Bxd4 Bxd4 21. Re2 Bg4 22. Rd2 Rf6 23. Nc3 Rbf8 24. Rf1 Bxc3 25. bxc3 Rd6 26. f3 Be6 27. Bxe6 Rxd2 28. Rc1 Rfd8 29. Bb3 Re2 30. c4 Rdd2 31. cxb5 Rxg2+ 32. Kf1 Rxh2 33. bxa6 Rh1# 0-1